00485nam a2200169u 45000010008000000030004000080050017000120080041000290100017000700400019000870500016001060820017001221000058001392450030001972600045002273000043002729189151OSt20181220133116.0821204s1920 txuc 000 0 eng  a 20015400  aDLCcCarPdDLC00aBX6217b.T3 a248.4bT183M1 aTardy, William Thomas,d1874-1919. [from old catalog]14aThe man and the message,  aMarshall, Tex.,bMrs W. T. Tardy,c1920. a2 p.l., 200 p.bfront. (port.)c20 cm.